Регионална библиотека "Любен Каравелов" - Русе

Справочник по фючърсна търговия (Запис номер 23291)

MARC детайли
000 -Лидер
Контролно поле с фиксирана дължина nam a22 a 4500
003 - Код на организацията, давaща контролен номер
Контролно поле BLK
005 - Дата и час на последна редакция
Контролно поле 20230428160723.0
008 - Елементи от данни с фиксирана дължина
fixed length control field 180413b bul|||||r ||||||| ||bul||
010 ## - Наследен системен номер
LC control number KNG00025767000
040 ## - Източник на каталожния запис
Идентификатор на билиотеката - собственик на записа BLK
041 ## - Код за език
Код за езика на текст/звукозапис или на отделно заглавие Български
Код за езика КДБФ Български
080 ## - УДК
Текстов определител УДК Организационни форми на търговска дейност - Стокови борси, складове, панаири, базари, лавки, магазини и др.
УДК код - определител по УДК 339.17
УДК определител (035)
УДК - код + определител 339.17(035)
139 ## - Редно поле
Редна дума Елазаров, Симеон и др.
245 10 - Сведения за заглавието
Заглавие Справочник по фючърсна търговия
Редно поле (дума) състав. Симеон Елазаров; състав. Васил Симов; състав. Христо Миленков.
257 ## - Страна на издаване
Страна на създаване/издаване България
260 ## - Област на издателските данни
Място на издаване, разпространение и проч. София
Име на издателя, разпространителя и проч. ИЦТТ Информа
Година на издаване 1993
300 ## - Физическа характеристика
Страници 80 с.
Размери/Мащаб 21 см
380 ## - Жанр
Жанр Обществени науки
490 1# - СЕРИИ (Колекции)
Име на серия Борсова търговия
№: серия 4
500 ## - Общи забележки
Забележка Състав. са отбелязани на гърба на загл. с. - Изд. на Соф. стокова борса. - Офс. изд. - Предм. показалец
650 #4 - Допълнително описание по предмет – тема
Основно описание – тема или топоним Стокова борса
9 (RLIN) 250942
653 ## - Ключова дума – ненормативна
Ключова дума стокови борси
700 1# - Други автори (авторска отговорност)
Лично име Елазаров, Симеон
Автороска отговорност (Описва отношението между автора и произведението) състав.
9 (RLIN) 266970
700 1# - Други автори (авторска отговорност)
Лично име Симов, Васил
Автороска отговорност (Описва отношението между автора и произведението) състав.
9 (RLIN) 244921
700 1# - Други автори (авторска отговорност)
Лично име Миленков, Христо
Автороска отговорност (Описва отношението между автора и произведението) състав.
9 (RLIN) 363904
852 ## - Местоположение
Форматна сигнатура Цб 174140
Фондова буква Хранилище
856 4# - Електронен адрес и достъп
Електронен формат pdf - файл
Път до файла /url/
Инструкция (цена за достъп) 0.00
Права за достъп disable
856 4# - Електронен адрес и достъп
Електронен формат pdf - файл
Път до файла /url/
Инструкция (цена за достъп) 0.00
Права за достъп disable
999 ## - СИСТЕМНИ КОНТРОЛНИ НОМЕРА
Koha biblionumber 23291
Koha biblioitemnumber 23291
942 ## - АРТИКУЛИ
Вид на библиотечния материал Книги
Скрит в OPAC Не
Периодичен библиозапис Да
944 ## - СЪЗДАВАНЕ И РЕДАКЦИЯ на ЗАПИСА
Създаване/Редакция Създаване
Дата на регистрацията/редакция 05.06.2003
Служител, извършил регистрацията/редакцията Кети_Илиева
944 ## - СЪЗДАВАНЕ И РЕДАКЦИЯ на ЗАПИСА
Създаване/Редакция Редакция
Дата на регистрацията/редакция 20.06.2005
999 ## - СИСТЕМНИ КОНТРОЛНИ НОМЕРА
Koha biblioitemnumber 23291
999 ## - СИСТЕМНИ КОНТРОЛНИ НОМЕРА
Koha biblioitemnumber 23291
999 ## - СИСТЕМНИ КОНТРОЛНИ НОМЕРА
Koha biblioitemnumber 23291
Наличности
Код за отписване Код за изгубен артикул Източник на класификационната схема Код за повреда Коз за рестрикции Код за отдаване Артикулен № Име на библиотеката - собственик Име на библиотеката, в която се намира в момента Статус (Текущо местоположение) Дата на вписване в системата Местоположение - отдел Цена в лева Инвентарен номер Систематично азбучна сигнатура Баркод Номер на екземпляра Цена в евро Служебна бележка Служебен тип на артикула
  Не е изгубен Universal Decimal Classification Не е повреден без рестрикции ползва се в читалня 38436 Регионална библиотека "Любен Каравелов" Русе Регионална библиотека "Любен Каравелов" Русе Хранилище 1993-01-01 Хранилище 1.02 582118 Цб 174140 120000582118 1 0.52 Дост: Dp Вид: Д N: стар фонд Дата: 01.01.1993 Книги
Изтеглен Не е изгубен Universal Decimal Classification Не е повреден без рестрикции заемане за дома 38437 Регионална библиотека "Любен Каравелов" Русе Регионална библиотека "Любен Каравелов" Русе Заемна - подръчен фонд 1993-01-01 Заемна - подръчен фонд 3.50 595616 П 339/Е 46 595616 2 1.79 Дост: Pk Вид: Ф N: стар фонд Дата: 01.01.1993 Дата инв: 05.02.2018 Бележки инв: П2018 Книги
Vip Innovations Ltd, Rousse, Bulgaria 2025